Missing Word: Tina Fey Quiz Stats

Quiz Updated Apr 28, 2016

Challenge
Share
Tweet
Embed
Score 0/12 Timer 03:00
10 Plays Today
Title Missing Word % Correct
Mean ____Girls
97.1%
Date ____Night
93.5%
Muppets Most ____Wanted
88.7%
Whiskey ____ FoxtrotTango
83.5%
Man of the ____Year
77.9%
This is ____ I Leave YouWhere
77.9%
Baby ____Mama
74.1%
____ 2: The Legend ContinuesAnchorman
70.8%
The Invention of ____Lying
55.5%
Artie Lange's Beer ____League
21.1%
____ & OrloffMartin
11.7%
Monkey ____*Kingdom
10.5%

Today's Daily Dose

You're not logged in!

Compare scores with friends on all Sporcle quizzes.
Sign Up with Email
OR
Log In

You Might Also Like...

Show Comments

Extras

Top Quizzes Today


Score Distribution

Your Account Isn't Verified!

In order to create a playlist on Sporcle, you need to verify the email address you used during registration. Go to your Sporcle Settings to finish the process.